Les compos de Barca 1-4 PSG (23/24) - Statistiques

Statistiques générales
  • Ce quiz a été pris 8 784 fois
  • Le résultat moyen est 18 sur 22
Statistiques - réponses
Equipe Nationalité Joueur % Correct
PSG Marocain Achraf Hakimi
95%
PSG Italien Gianluigi Donnarumma
93%
PSG Français Kylian Mbappe
93%
FC Barcelone Allemand Marc André Ter-Stegen
93%
PSG Français Ousmane Dembélé
92%
FC Barcelone Français Jules Koundé
91%
PSG Brésilien Marquinhos
91%
PSG Portugais Vitinha
90%
PSG Français Bradley Barcola
87%
PSG Espagnol Fabian Ruiz
87%
FC Barcelone Polonais Robert Lewandowski
87%
FC Barcelone Néerlandais Frenkie de Jong
86%
FC Barcelone Uruguayen Ronald Araujo
86%
PSG Portugais Nuno Mendes
84%
FC Barcelone Espagnol Pedri
82%
FC Barcelone Brésilien Raphinha
80%
FC Barcelone Espagnol Lamine Yamal
79%
PSG Français Lucas Hernandez
77%
PSG Français Warren Zaïre-Emery
70%
FC Barcelone Espagnol Pau Cubarsi
63%
FC Barcelone Portugais Joao Cancelo
62%
FC Barcelone Allemand İlkay Gündoğan
60%
Aucun quiz correspondant
Distribution des résultats
% des personnes avec chaque résultat
Percentile par nombre de réponses
Votre historique - résultats
Vous n’avez pas pris ce quiz